| 000 | 01079nam a2200289Ia 4500 | ||
|---|---|---|---|
| 003 | OSt | ||
| 005 | 20250909182043.0 | ||
| 008 | 130821s2009 cl a gr spa | ||
| 020 | _a9789568827007 | ||
| 040 |
_aCo-BoUCM _bspa _cCO-UdeC _dCO-UdeC |
||
| 041 | 1 | 0 |
_aspa _heng |
| 082 | 0 | 4 |
_a128.2 _21a. ed. _bH339mt |
| 110 | 2 |
_aHarvard Business Press _9139420 |
|
| 240 | 1 | 0 |
_aManaging Time _lEspañol |
| 245 | 1 | 0 |
_aManejar su tiempo : _bsoluciones prácticas para los desafíos del día a día / _cHarvard Business Press |
| 250 | _a1a. ed. | ||
| 260 |
_aSantiago de Chile (Chile) _bImpact Media Comercial _c2009 |
||
| 300 |
_axi, 97 páginas _bil. , gráficas ; _c19 cm. |
||
| 490 | 0 | _aSerie Pocket Mentor | |
| 504 | _aIncluye bibliografía. | ||
| 505 | 0 | _aEnfóquese en sus metas. -- evite distracciones. -- Organice su espacio. -- Delegue eficazmente. | |
| 650 | 0 | 4 |
_aAdministración de empresas _9435 |
| 650 | 0 | 4 |
_aPlanificación estratégica _921662 |
| 650 | 0 | 4 |
_aUso del tiempo _926024 |
| 765 | _tManaging time | ||
| 942 |
_cLIBRO _e1a. ed. _2DEWEY _h128.2 _iH339mt _n0 |
||
| 999 |
_c2040 _d2040 |
||